[Event "EOBCC 2020"]
[Site "Online"]
[Date "2020.12.18"]
[Round "2.22"]
[White "Chigaev, Maksim"]
[Black "Gretarsson, Helgi Ass"]
[Result "1-0"]
[WhiteElo "2615"]
[BlackElo "2440"]
[PlyCount "37"]
[EventDate "2020.12.18"]
[EventType "tourn"]
[EventCountry "NET"]

1. e4 g6 2. d4 Bg7 3. Nc3 d6 4. h3 a6 5. a4 b6 6. g4 Bb7 7. Bg2 Nd7 8. Nge2 e5 9. Be3 h6 10. O-O c5 11. dxe5 Nxe5 12. f4 Nc6 13. Qd2 Nge7 14. Rad1 Na5 15. b3 Nc8 16. Nd5 O-O 17. f5 Bxd5 18. Qxd5 Ra7 19. fxg6 1-0

[Event "EOBCC 2020"]
[Site "Online"]
[Date "2020.12.18"]
[Round "2.23"]
[White "Kacharava, Nikolozi"]
[Black "Moranda, Wojciech"]
[Result "1-0"]
[WhiteElo "2443"]
[BlackElo "2618"]
[PlyCount "91"]
[EventDate "2020.12.18"]
[EventType "tourn"]
[EventCountry "NET"]

1. e4 c5 2. Nf3 e6 3. d4 cxd4 4. Nxd4 Nc6 5. Nc3 Qc7 6. Be3 a6 7. Qf3 Nf6 8. O-O-O Ne5 9. Qg3 b5 10. Bf4 d6 11. Bxb5+ axb5 12. Ndxb5 Qb8 13. Nxd6+ Bxd6 14. Rxd6 Nh5 15. Qg5 Qxd6 16. Bxe5 Ra5 17. Nd5 Rxd5 18. exd5 Qxd5 19. Rd1 h6 20. Qxh5 Qxg2 21. Bd6 Qg5+ 22. Qxg5 hxg5 23. a4 f6 24. b4 e5 25. Bc7 Ke7 26. a5 Rh4 27. b5 Rc4 28. Bd8+ Ke6 29. a6 Rc5 30. a7 Bb7 31. b6 Be4 32. Rd2 Rc4 33. Bc7 Ra4 34. Rd6+ Kf5 35. Rd8 Ra6 36. Rb8 Ra2 37. Kd1 Bxc2+ 38. Ke1 Be4 39. Bd6 Kg4 40. Bc5 Kf3 41. b7 Re2+ 42. Kd1 Bc2+ 43. Kc1 Be4 44. a8=Q Rc2+ 45. Kd1 Rxc5 46. Qa3+ 1-0

[Event "EOBCC 2020"]
[Site "Online"]
[Date "2020.12.18"]
[Round "2.24"]
[White "Arabidze, Meri"]
[Black "Piorun, Kacper"]
[Result "1/2-1/2"]
[WhiteElo "2437"]
[BlackElo "2615"]
[PlyCount "96"]
[EventDate "2020.12.18"]
[EventType "tourn"]
[EventCountry "NET"]

1. Nf3 Nf6 2. c4 g6 3. Nc3 Bg7 4. g3 O-O 5. Bg2 d6 6. O-O Nc6 7. d3 e5 8. Rb1 Re8 9. b4 e4 10. Nxe4 Nxe4 11. dxe4 Rxe4 12. Nd2 Re8 13. e3 Bf5 14. e4 Bd7 15. Bb2 Be5 16. a3 Qf6 17. Bxe5 dxe5 18. c5 Nd4 19. f4 Bb5 20. Rf2 Rad8 21. Rc1 Qa6 22. Ra1 Ba4 23. Qg4 h5 24. Qg5 Ne2+ 25. Kh1 Rxd2 26. f5 Nxg3+ 27. Qxg3 Rxf2 28. Qxf2 Rd8 29. Rf1 Qf6 30. h3 Rd1 31. Rxd1 Bxd1 32. Qd2 Ba4 33. fxg6 fxg6 34. Qd5+ Qf7 35. Qxb7 c6 36. Qb8+ Kg7 37. Qxe5+ Kh7 38. Qd6 h4 39. e5 Qf4 40. e6 Qe3 41. e7 Kh6 42. Kh2 Bb5 43. Qd7 Qe5+ 44. Kh1 Qe1+ 45. Kh2 Qe5+ 46. Kh1 Qe1+ 47. Kh2 Qg3+ 48. Kh1 Qe1+ 1/2-1/2

[Event "EOBCC 2020"]
[Site "Online"]
[Date "2020.12.18"]
[Round "2.25"]
[White "Smirin, Ilia"]
[Black "Grigorian, Spartak"]
[Result "1-0"]
[WhiteElo "2614"]
[BlackElo "2433"]
[PlyCount "57"]
[EventDate "2020.12.18"]
[EventType "tourn"]
[EventCountry "NET"]

1. e4 c5 2. Nf3 d6 3. d4 cxd4 4. Nxd4 Nf6 5. Nc3 Nc6 6. Bg5 e6 7. Qd2 a6 8. O-O-O Bd7 9. f3 Be7 10. Kb1 b5 11. Nxc6 Bxc6 12. h4 h6 13. Be3 h5 14. Ne2 Qc7 15. Nd4 Rb8 16. Bd3 Nd7 17. Bg5 Rb6 18. Bxe7 Kxe7 19. Qg5+ Nf6 20. f4 Kf8 21. e5 Ne4 22. Bxe4 Bxe4 23. exd6 Rxd6 24. Qe5 Bd5 25. f5 f6 26. Nxe6+ Bxe6 27. Qxd6+ Qxd6 28. Rxd6 Bxf5 29. Rd8+ 1-0

[Event "EOBCC 2020"]
[Site "Online"]
[Date "2020.12.18"]
[Round "2.26"]
[White "Tomczak, Jacek"]
[Black "Ahmadzada, Ahmad"]
[Result "1-0"]
[WhiteElo "2610"]
[BlackElo "2431"]
[PlyCount "55"]
[EventDate "2020.12.18"]
[EventType "tourn"]
[EventCountry "NET"]

1. e4 e5 2. Nf3 Nc6 3. d4 exd4 4. Nxd4 Nf6 5. Nxc6 dxc6 6. Qxd8+ Kxd8 7. Bg5 h6 8. Bxf6+ gxf6 9. Nd2 Bc5 10. Nb3 Bb6 11. c4 a5 12. Be2 a4 13. O-O-O+ Ke7 14. Nd4 Rd8 15. Nc2 Rxd1+ 16. Rxd1 Bxf2 17. Rf1 Bc5 18. Rf4 Be6 19. Rh4 Rg8 20. g3 Rg6 21. Kd2 Kd6 22. Bd3 Ke7 23. b4 axb3 24. axb3 b5 25. Rh5 Bg1 26. Nb4 bxc4 27. Bxc4 Rg5 28. Rxh6 1-0

[Event "EOBCC 2020"]
[Site "Online"]
[Date "2020.12.18"]
[Round "2.27"]
[White "Bykov, Egor"]
[Black "Durarbayli, Vasif"]
[Result "0-1"]
[WhiteElo "2436"]
[BlackElo "2606"]
[PlyCount "84"]
[EventDate "2020.12.18"]
[EventType "tourn"]
[EventCountry "NET"]

1. d4 Nf6 2. c4 e6 3. Nc3 Bb4 4. e3 b6 5. Nge2 c5 6. d5 Ba6 7. a3 Ba5 8. Rb1 Bxc3+ 9. Nxc3 exd5 10. cxd5 Bxf1 11. Kxf1 O-O 12. g3 Re8 13. Kg2 d6 14. b4 Na6 15. Qd3 Nc7 16. e4 Nd7 17. Rd1 Qf6 18. Bb2 Qg6 19. f3 Ne5 20. Qe2 c4 21. Rd4 b5 22. Bc1 f5 23. a4 a6 24. Ra1 Nd3 25. Bd2 fxe4 26. Rxe4 Rxe4 27. Qxe4 Re8 28. Qxg6 hxg6 29. axb5 axb5 30. Kf1 Nxb4 31. Nxb5 Nxb5 32. Bxb4 Re3 33. Kf2 Rb3 34. Ra4 c3 35. Ke3 c2+ 36. Kd2 Nd4 37. Ba3 Nb5 38. Kxc2 Rxa3 39. Rb4 Nc7 40. Rb6 Nxd5 41. Rxd6 Ne3+ 42. Kb2 Nc4+ 0-1

[Event "EOBCC 2020"]
[Site "Online"]
[Date "2020.12.18"]
[Round "2.28"]
[White "Lizak, Peter"]
[Black "Postny, Evgeny"]
[Result "0-1"]
[WhiteElo "2433"]
[BlackElo "2605"]
[PlyCount "118"]
[EventDate "2020.12.18"]
[EventType "tourn"]
[EventCountry "NET"]

1. d4 d5 2. Nc3 Nf6 3. Bf4 a6 4. e3 e6 5. g4 c5 6. g5 Nfd7 7. h4 Nc6 8. Nf3 Qb6 9. Rb1 Be7 10. Bh3 cxd4 11. exd4 Na5 12. Kf1 Bd6 13. Ne2 Qc7 14. Bxd6 Qxd6 15. Qd2 Nc6 16. c3 O-O 17. Qf4 e5 18. dxe5 Ndxe5 19. Nxe5 Nxe5 20. Nd4 Re8 21. Re1 Bxh3+ 22. Rxh3 Qd7 23. Rhe3 Nc4 24. Rxe8+ Rxe8 25. Rxe8+ Qxe8 26. b3 Ne5 27. Qe3 Kf8 28. Nf5 Qe6 29. Qc5+ Kg8 30. Qxd5 Qxd5 31. Ne7+ Kf8 32. Nxd5 Nf3 33. Kg2 Nxh4+ 34. Kg3 Ng6 35. f4 Ne7 36. Ne3 Ke8 37. Kf3 Kd7 38. Ke4 h5 39. f5 g6 40. f6 Nc6 41. Nd5 Nd8 42. Nf4 Ne6 43. Nh3 Kd6 44. c4 Kc5 45. Ke5 a5 46. a3 a4 47. bxa4 b6 48. Ke4 Kxc4 49. Ke5 Kc5 50. Ke4 Nd4 51. Ke5 Nc6+ 52. Ke4 Na5 53. Nf4 Nc4 54. Kf3 Kd6 55. Ke4 Nxa3 56. Nd5 Nc4 57. Nc3 Ke6 58. Nb5 Nd6+ 59. Nxd6 Kxd6 0-1

[Event "EOBCC 2020"]
[Site "Online"]
[Date "2020.12.18"]
[Round "2.29"]
[White "Azarov, Sergei"]
[Black "Atalik, Ekaterina"]
[Result "1-0"]
[WhiteElo "2604"]
[BlackElo "2450"]
[PlyCount "47"]
[EventDate "2020.12.18"]
[EventType "tourn"]
[EventCountry "NET"]

1. e4 c6 2. d4 d5 3. e5 Bf5 4. Nf3 e6 5. Be2 Ne7 6. Nbd2 Nd7 7. Nb3 Ng6 8. O-O Be7 9. h3 h5 10. Be3 h4 11. a4 Qc7 12. a5 f6 13. a6 b6 14. c4 fxe5 15. dxe5 Ngxe5 16. cxd5 exd5 17. Nbd4 Nxf3+ 18. Bxf3 O-O 19. Nxc6 Bc5 20. Bxd5+ Kh8 21. Bxc5 Nxc5 22. Qh5+ Bh7 23. Ne5 Rf6 24. Bxa8 1-0

[Event "EOBCC 2020"]
[Site "Online"]
[Date "2020.12.18"]
[Round "2.30"]
[White "Stocek, Jiri"]
[Black "Petriashvili, Nikoloz"]
[Result "0-1"]
[WhiteElo "2604"]
[BlackElo "2425"]
[PlyCount "48"]
[EventDate "2020.12.18"]
[EventType "tourn"]
[EventCountry "NET"]

1. d4 Nf6 2. Nf3 g6 3. c4 Bg7 4. Nc3 d5 5. Qb3 c6 6. cxd5 cxd5 7. Bg5 e6 8. e3 O-O 9. Rc1 Nc6 10. Bd3 Qb6 11. Qxb6 axb6 12. a3 Bd7 13. Ke2 Rfc8 14. Nd2 Ne8 15. Nb5 e5 16. dxe5 Nxe5 17. Nd4 Nxd3 18. Kxd3 Nd6 19. Bf4 Bxd4 20. Kxd4 Nf5+ 21. Ke5 Bc6 22. g4 Re8+ 23. Kf6 Re6+ 24. Kg5 h6# 0-1

[Event "EOBCC 2020"]
[Site "Online"]
[Date "2020.12.18"]
[Round "2.31"]
[White "Razin, Vadim"]
[Black "Banikas, Hristos"]
[Result "1-0"]
[WhiteElo "2428"]
[BlackElo "2602"]
[PlyCount "105"]
[EventDate "2020.12.18"]
[EventType "tourn"]
[EventCountry "NET"]

1. d4 Nf6 2. Nf3 d6 3. c4 g6 4. Nc3 Bg7 5. e4 O-O 6. Be2 c5 7. O-O Re8 8. Re1 Na6 9. Rb1 Bg4 10. Be3 Nd7 11. Qd2 Bxf3 12. Bxf3 cxd4 13. Bxd4 Bxd4 14. Qxd4 Nac5 15. Nd5 e5 16. Qd2 Nf6 17. Nc3 Ne6 18. Nb5 Re7 19. Qxd6 a6 20. Qxd8+ Rxd8 21. Nc3 Nd4 22. Bd1 Rc7 23. Nd5 Nxd5 24. cxd5 Kf8 25. Kf1 Ke7 26. Re3 Rdc8 27. Ke1 Kd6 28. Kd2 b5 29. Rc3 b4 30. Rxc7 Rxc7 31. a3 Rb7 32. axb4 Rxb4 33. Kc3 a5 34. Ra1 Nb5+ 35. Kd3 Rxb2 36. Rxa5 f5 37. f3 fxe4+ 38. fxe4 Rxg2 39. Rxb5 Rxh2 40. Rb6+ Kc5 41. Rc6+ Kb5 42. Bg4 h5 43. Bd7 Kb4 44. Rc4+ Kb3 45. Rc6 g5 46. Rb6+ Ka3 47. Kc3 Ka2 48. d6 g4 49. Be6+ Ka1 50. Ra6+ Kb1 51. d7 Rh3+ 52. Kc4 Rd3 53. Kxd3 1-0

[Event "EOBCC 2020"]
[Site "Online"]
[Date "2020.12.18"]
[Round "2.32"]
[White "Bosiocic, Marin"]
[Black "Socko, Monika"]
[Result "0-1"]
[WhiteElo "2602"]
[BlackElo "2421"]
[PlyCount "68"]
[EventDate "2020.12.18"]
[EventType "tourn"]
[EventCountry "NET"]

1. d4 Nf6 2. Bg5 e6 3. Nd2 h6 4. Bh4 d5 5. e3 Be7 6. c3 O-O 7. Bd3 c5 8. Bxf6 Bxf6 9. f4 b6 10. Qe2 a5 11. Ngf3 Ba6 12. Bxa6 Nxa6 13. O-O Qd6 14. Ne5 Bxe5 15. fxe5 Qe7 16. a4 Nc7 17. Rf2 f6 18. Nf3 Rab8 19. Raf1 f5 20. Ne1 b5 21. axb5 Nxb5 22. Nd3 c4 23. Nc5 Nc7 24. g4 fxg4 25. Qxg4 Rxf2 26. Rxf2 Rf8 27. Rxf8+ Kxf8 28. e4 dxe4 29. Nxe4 Nd5 30. Nc5 Kf7 31. Kf2 g6 32. Ke2 h5 33. Qf3+ Kg7 34. Qh3 Nf4+ 0-1

[Event "EOBCC 2020"]
[Site "Online"]
[Date "2020.12.18"]
[Round "2.34"]
[White "Godart, Francois"]
[Black "Hakobyan, Aram"]
[Result "0-1"]
[WhiteElo "2422"]
[BlackElo "2598"]
[PlyCount "108"]
[EventDate "2020.12.18"]
[EventType "tourn"]
[EventCountry "NET"]

1. e4 e5 2. f4 d5 3. exd5 exf4 4. Nf3 Nf6 5. Bb5+ Bd7 6. Bxd7+ Nbxd7 7. c4 Qe7+ 8. Qe2 O-O-O 9. Qxe7 Bxe7 10. d4 Rhe8 11. O-O Nh5 12. Nc3 Bf6 13. Bd2 g5 14. h3 Ng3 15. Rfe1 Nf5 16. Ne4 Nxd4 17. Nexg5 Nxf3+ 18. Nxf3 Nc5 19. Bxf4 Nd3 20. Rxe8 Rxe8 21. Bg5 Bxb2 22. Rd1 Nc5 23. Bc1 Bg7 24. Ng5 f6 25. Bb2 Re2 26. Bd4 fxg5 27. Bxg7 Rxa2 28. Bh6 Rc2 29. Rd4 a5 30. Bxg5 a4 31. Be7 a3 32. Bxc5 Rc1+ 33. Kh2 a2 34. Rf4 b5 35. Bd4 Rxc4 36. Rf8+ Kb7 37. Be5 Rc1 38. Rf7 a1=Q 39. Bxa1 Rxa1 40. Rxh7 b4 41. d6 Rc1 42. d7 Rd1 43. Rh4 c5 44. Rc4 Kb6 45. h4 Rxd7 46. h5 Kb5 47. Rc1 b3 48. g4 c4 49. g5 b2 50. Rb1 c3 51. g6 Rd5 52. Kg3 Rxh5 53. Kg4 Rh2 54. Kg3 Rh6 0-1

[Event "EOBCC 2020"]
[Site "Online"]
[Date "2020.12.18"]
[Round "2.36"]
[White "Pantzar, Milton"]
[Black "Gajewski, Grzegorz"]
[Result "0-1"]
[WhiteElo "2421"]
[BlackElo "2596"]
[PlyCount "112"]
[EventDate "2020.12.18"]
[EventType "tourn"]
[EventCountry "NET"]

1. d4 Nf6 2. c4 e6 3. Nc3 Bb4 4. f3 c5 5. d5 O-O 6. e4 d6 7. Nge2 a6 8. Nf4 exd5 9. cxd5 b5 10. Be2 c4 11. O-O Nbd7 12. Be3 Bc5 13. Bxc5 Nxc5 14. Kh1 Bd7 15. Qd2 Qb6 16. Nd1 Rac8 17. Ne3 Rfe8 18. Rae1 h6 19. g4 c3 20. bxc3 Ncxe4 21. fxe4 Nxe4 22. Qd4 Qxd4 23. cxd4 Nd2 24. Nfg2 Nxf1 25. Rxf1 Rc3 26. Rf3 b4 27. Bxa6 Bxg4 28. Rg3 Rc1+ 29. Bf1 Be2 30. Kg1 Bxf1 31. Nxf1 Re2 32. Rb3 Rc4 33. Nge3 Rxd4 34. a3 bxa3 35. Rxa3 g6 36. Ra6 f5 37. Rxd6 Kf7 38. Ra6 f4 39. Ng4 h5 40. Nf2 g5 41. Nh3 g4 42. Ng5+ Ke7 43. Rh6 Rd1 44. Re6+ Rxe6 45. Nxe6 f3 46. Ng7 h4 47. Nf5+ Kf6 48. Nxh4 Kg5 49. Nxf3+ gxf3 50. Kf2 Kf4 51. h4 Rxd5 52. h5 Rxh5 53. Nd2 Rh2+ 54. Ke1 Rxd2 55. Kxd2 Kg3 56. Ke1 Kg2 0-1

[Event "EOBCC 2020"]
[Site "Online"]
[Date "2020.12.18"]
[Round "2.37"]
[White "Keymer, Vincent"]
[Black "Bazeev, German"]
[Result "0-1"]
[WhiteElo "2588"]
[BlackElo "2398"]
[PlyCount "84"]
[EventDate "2020.12.18"]
[EventType "tourn"]
[EventCountry "NET"]

1. Nf3 Nf6 2. c4 e6 3. d4 d5 4. Nc3 c6 5. e3 Nbd7 6. Qc2 Bd6 7. Bd3 O-O 8. O-O Qe7 9. e4 dxc4 10. Bxc4 e5 11. Be3 b5 12. Bd3 h6 13. Ne2 Bb7 14. Ng3 Ng4 15. Nf5 Qf6 16. Nxd6 Qxd6 17. Rad1 Rad8 18. h3 Nxe3 19. fxe3 Qe7 20. Qf2 a6 21. Nh4 g6 22. Qg3 Kh7 23. Nf3 c5 24. dxe5 c4 25. Bc2 Nc5 26. Rd4 Rd7 27. Rfd1 Rfd8 28. Kh1 Bxe4 29. Bxe4 Nxe4 30. Qe1 Nc5 31. Kh2 Nd3 32. Qg3 Qe6 33. b3 Nc5 34. bxc4 bxc4 35. Qh4 Kg7 36. Qxd8 Rxd8 37. Rxd8 c3 38. Rc1 Na4 39. Rc2 Qb6 40. Rd4 Qb1 41. Ne1 Qxe1 42. Rxa4 Qxe3 0-1

[Event "EOBCC 2020"]
[Site "Online"]
[Date "2020.12.18"]
[Round "2.38"]
[White "Svane, Frederik"]
[Black "Studer, Noel"]
[Result "1/2-1/2"]
[WhiteElo "2421"]
[BlackElo "2582"]
[PlyCount "104"]
[EventDate "2020.12.18"]
[EventType "tourn"]
[EventCountry "NET"]

1. e4 c5 2. Nf3 Nc6 3. Bb5 g6 4. O-O Bg7 5. c3 Nf6 6. Re1 O-O 7. d4 d5 8. e5 Ne4 9. Be3 cxd4 10. cxd4 Qb6 11. Bxc6 Qxc6 12. Ng5 Bf5 13. Nxe4 Bxe4 14. Nc3 Rfd8 15. Qb3 Bf5 16. Rac1 Qd7 17. Qa3 Rdc8 18. h3 Rc6 19. Na4 Rxc1 20. Rxc1 Qd8 21. Bg5 Bf8 22. g4 Bd7 23. Nc5 Bc6 24. e6 f6 25. Bf4 a5 26. Qb3 a4 27. Qb4 Ra7 28. b3 axb3 29. axb3 Bg7 30. Qc3 Ra8 31. Ra1 b6 32. Nd3 Rxa1+ 33. Qxa1 Qc8 34. Qe1 Bb5 35. Nb4 Bc6 36. Qc3 Bb7 37. Qxc8+ Bxc8 38. Nxd5 Bxe6 39. Nxe7+ Kf7 40. Nc6 Bxb3 41. Bd6 Ke6 42. Bb4 Kd5 43. Ne7+ Kxd4 44. Nc8 b5 45. Kg2 Kc4 46. Be7 Bc2 47. Nd6+ Kd5 48. Nxb5 Ke5 49. Bd6+ Ke6 50. Nd4+ Kxd6 51. Nxc2 Ke5 52. Kf3 f5 1/2-1/2

[Event "EOBCC 2020"]
[Site "Online"]
[Date "2020.12.18"]
[Round "2.39"]
[White "Kobalia, Mikhail"]
[Black "Ozen, Deniz"]
[Result "0-1"]
[WhiteElo "2590"]
[BlackElo "2412"]
[PlyCount "66"]
[EventDate "2020.12.18"]
[EventType "tourn"]
[EventCountry "NET"]

1. e4 e5 2. Nf3 Nf6 3. d4 Nxe4 4. Bd3 d5 5. Nxe5 Nd7 6. Nxd7 Bxd7 7. O-O Bd6 8. Nc3 Nxc3 9. bxc3 O-O 10. Qh5 f5 11. Re1 Qf6 12. Bg5 Qf7 13. Qf3 f4 14. g3 h6 15. Bxf4 g5 16. c4 gxf4 17. cxd5 Qg7 18. Qh5 fxg3 19. hxg3 Rxf2 20. Re3 Bxg3 21. Bg6 Qxd4 22. Rae1 Qh4 23. Qxh4 Bxh4 24. Re4 Rf6 25. Rxh4 Rxg6+ 26. Kh2 Re8 27. Rxe8+ Bxe8 28. Rb4 b6 29. Rc4 c6 30. Re4 Kf8 31. Rf4+ Ke7 32. Re4+ Kd8 33. dxc6 Bxc6 0-1

[Event "EOBCC 2020"]
[Site "Online"]
[Date "2020.12.18"]
[Round "2.40"]
[White "Globus, Or"]
[Black "Wagner, Dennis"]
[Result "0-1"]
[WhiteElo "2399"]
[BlackElo "2581"]
[PlyCount "72"]
[EventDate "2020.12.18"]
[EventType "tourn"]
[EventCountry "NET"]

1. c4 g6 2. d4 Nf6 3. g3 Bg7 4. Bg2 O-O 5. Nc3 Nc6 6. Nf3 d5 7. cxd5 Nxd5 8. O-O e5 9. Nxd5 e4 10. Nd2 Qxd5 11. e3 f5 12. b3 a5 13. Ba3 Nb4 14. Rc1 Rf7 15. Bxb4 axb4 16. Qc2 Be6 17. Rfd1 Qa5 18. Ra1 c5 19. Nc4 Qc7 20. d5 Bxd5 21. Rac1 Rd7 22. Qe2 Rad8 23. h4 Bc3 24. Kh2 b5 25. Nb2 Bc6 26. Rxd7 Rxd7 27. Rc2 Qd8 28. g4 Kh8 29. gxf5 gxf5 30. Qh5 Qf6 31. Bh3 Bxb2 32. Bxf5 Be5+ 33. Kh1 Rf7 34. Rxc5 Qxf5 35. Qxf5 Rxf5 36. Rxc6 Rxf2 0-1

[Event "EOBCC 2020"]
[Site "Online"]
[Date "2020.12.18"]
[Round "2.41"]
[White "Sorensen, Hampus"]
[Black "Bogner, Sebastian"]
[Result "0-1"]
[WhiteElo "2395"]
[BlackElo "2577"]
[PlyCount "68"]
[EventDate "2020.12.18"]
[EventType "tourn"]
[EventCountry "NET"]

1. d4 Nf6 2. c4 e6 3. Nf3 b6 4. a3 Bb7 5. Nc3 d5 6. Bg5 Be7 7. Qa4+ Qd7 8. Qxd7+ Nbxd7 9. e3 O-O 10. Be2 dxc4 11. Bxc4 c5 12. dxc5 Nxc5 13. O-O Rac8 14. Rac1 h6 15. Bh4 g5 16. Bg3 Nfe4 17. Nxe4 Nxe4 18. Be2 Nxg3 19. hxg3 Bf6 20. Nd4 Rfd8 21. Rxc8 Rxc8 22. Bd3 Kg7 23. Rd1 Bd5 24. f3 Bxd4 25. exd4 Bb3 26. Rd2 h5 27. Kf2 Rc1 28. Be4 Kf6 29. Ke3 Ke7 30. Bd3 f5 31. Be2 Kd6 32. Ba6 Bd5 33. Bd3 g4 34. Kf4 Rg1 0-1

[Event "EOBCC 2020"]
[Site "Online"]
[Date "2020.12.18"]
[Round "2.42"]
[White "Remizov, Yaroslav"]
[Black "Asadli, Vugar"]
[Result "0-1"]
[WhiteElo "2385"]
[BlackElo "2572"]
[PlyCount "66"]
[EventDate "2020.12.18"]
[EventType "tourn"]
[EventCountry "NET"]

1. e4 g6 2. d4 Bg7 3. Nc3 d6 4. Nf3 a6 5. Be3 b5 6. Bd3 Bb7 7. O-O Nd7 8. Ne2 e5 9. c3 Ngf6 10. Ng3 O-O 11. a4 c6 12. h3 Re8 13. Re1 Qc7 14. Qe2 exd4 15. cxd4 c5 16. axb5 axb5 17. Rxa8 Bxa8 18. dxc5 dxc5 19. Bxb5 Nxe4 20. Nxe4 Bxe4 21. Bf4 Qxf4 22. Bxd7 Re7 23. Nd2 Rxd7 24. Nxe4 Bd4 25. g3 Qf5 26. Kg2 Rb7 27. Nc3 h5 28. Qd2 Qf6 29. Re2 Kg7 30. Ne4 Qc6 31. Qd3 f5 32. Qf3 fxe4 33. Rxe4 Rf7 0-1

[Event "EOBCC 2020"]
[Site "Online"]
[Date "2020.12.18"]
[Round "2.43"]
[White "Agrest, Evgenij"]
[Black "Baghdasaryan, Vahe"]
[Result "1-0"]
[WhiteElo "2568"]
[BlackElo "2364"]
[PlyCount "65"]
[EventDate "2020.12.18"]
[EventType "tourn"]
[EventCountry "NET"]

1. Nf3 d5 2. e3 Nf6 3. c4 c6 4. Nc3 Nbd7 5. Qc2 e5 6. cxd5 Nxd5 7. a3 Bd6 8. Bc4 Nxc3 9. dxc3 O-O 10. O-O Nb6 11. Ba2 Bg4 12. Qe4 Bxf3 13. Qxf3 Kh8 14. e4 Qe7 15. Bd2 Rad8 16. Rad1 f5 17. exf5 e4 18. Qg4 Qe5 19. g3 Nd5 20. Bg5 Rde8 21. Bc1 Rxf5 22. Rde1 Bc5 23. Re2 Nf6 24. Qh3 Rh5 25. Qg2 Ng4 26. Bf4 Qf5 27. h3 Nxf2 28. Rfxf2 Bxf2+ 29. Rxf2 Rxh3 30. g4 Qc5 31. Qxh3 e3 32. Re2 Re4 33. Qf3 1-0

[Event "EOBCC 2020"]
[Site "Online"]
[Date "2020.12.18"]
[Round "2.44"]
[White "Psyk, Radoslaw"]
[Black "Sanal, Vahap"]
[Result "0-1"]
[WhiteElo "2375"]
[BlackElo "2557"]
[PlyCount "88"]
[EventDate "2020.12.18"]
[EventType "tourn"]
[EventCountry "NET"]

1. e4 e5 2. Nf3 Nc6 3. Bb5 Nf6 4. d3 Ne7 5. O-O c6 6. Ba4 Ng6 7. Re1 Be7 8. Nbd2 O-O 9. Nf1 Qc7 10. d4 d6 11. h3 a5 12. c3 b5 13. Bc2 a4 14. Ng3 Re8 15. Nf5 Bf8 16. Bg5 Nd7 17. h4 Nb6 18. h5 Nf4 19. Bxf4 exf4 20. Qd2 g6 21. N5h4 Bh6 22. hxg6 hxg6 23. e5 Nc4 24. Qc1 dxe5 25. dxe5 Bg4 26. b3 Nxe5 27. Nxe5 Rxe5 28. bxa4 bxa4 29. Qd2 Rd8 30. Qc1 Bg5 31. Nf3 Bxf3 32. gxf3 Bf6 33. Be4 Rg5+ 34. Kf1 Qc8 35. Qc2 Qa6+ 36. Qe2 Qa5 37. Rac1 Kg7 38. Qc4 Rh8 39. Red1 Qa7 40. Ke2 Rh2 41. Rf1 Rgg2 42. Kd3 Rxf2 43. Rxf2 Qxf2 44. Qxc6 Qe2# 0-1

[Event "EOBCC 2020"]
[Site "Online"]
[Date "2020.12.18"]
[Round "2.46"]
[White "Rodin, Dmitrij"]
[Black "Theodorou, Nikolas"]
[Result "0-1"]
[WhiteElo "2370"]
[BlackElo "2554"]
[PlyCount "112"]
[EventDate "2020.12.18"]
[EventType "tourn"]
[EventCountry "NET"]

1. e4 e5 2. Nf3 Nc6 3. Bb5 a6 4. Ba4 f5 5. d4 exd4 6. e5 b5 7. Bb3 Na5 8. O-O Bb7 9. Bxg8 Rxg8 10. Nxd4 Qe7 11. Nxf5 Qe6 12. Nd4 Qg6 13. Nf3 O-O-O 14. Qd3 Qxd3 15. cxd3 Bxf3 16. gxf3 Nc6 17. f4 d6 18. exd6 Rxd6 19. Rd1 Nb4 20. Nc3 Rxd3 21. Be3 Bd6 22. Kg2 Rf8 23. a3 Rxd1 24. Rxd1 Nc6 25. Nd5 Kd7 26. Kg3 Ke6 27. Kg4 g6 28. Nc3 h5+ 29. Kg5 Ne7 30. Ne4 Bxf4+ 31. Bxf4 Rf5+ 32. Kh6 Rxf4 33. Nc5+ Kf7 34. Rd7 Rxf2 35. Ne4 Rxh2 36. Rxc7 Rxb2 37. Ng5+ Ke8 38. Ra7 h4 39. Kg7 Rf2 40. Rxa6 Rf5 41. Ra8+ Kd7 42. Ra7+ Ke8 43. Ra8+ Kd7 44. Ra7+ Kc6 45. Nf7 Nc8 46. Ra6+ Nb6 47. Kxg6 h3 48. Kxf5 h2 49. Ra7 h1=Q 50. Ne5+ Kd5 51. Ng6 Qe4+ 52. Kf6 Kd6 53. Re7 Nd5+ 54. Kf7 Nxe7 55. Nf8 Qf5+ 56. Ke8 Nc6 0-1

[Event "EOBCC 2020"]
[Site "Online"]
[Date "2020.12.18"]
[Round "2.47"]
[White "Pantsulaia, Levan"]
[Black "Voit, Daria"]
[Result "1-0"]
[WhiteElo "2553"]
[BlackElo "2353"]
[PlyCount "39"]
[EventDate "2020.12.18"]
[EventType "tourn"]
[EventCountry "NET"]

1. Nf3 Nf6 2. g3 g6 3. b3 Bg7 4. Bb2 O-O 5. Bg2 d5 6. c4 c6 7. d3 a5 8. Nbd2 a4 9. b4 a3 10. Bc3 dxc4 11. Nxc4 Be6 12. O-O Nbd7 13. Qc2 Nb6 14. Na5 Qc8 15. Rfc1 Nbd5 16. Bd2 Nd7 17. Rab1 Bb2 18. Rxb2 axb2 19. Qxb2 N7f6 20. Nd4 1-0

[Event "EOBCC 2020"]
[Site "Online"]
[Date "2020.12.18"]
[Round "2.48"]
[White "Barp, Alberto"]
[Black "Steinberg, Nitzan"]
[Result "0-1"]
[WhiteElo "2366"]
[BlackElo "2553"]
[PlyCount "76"]
[EventDate "2020.12.18"]
[EventType "tourn"]
[EventCountry "NET"]

1. d4 d5 2. c4 c6 3. Nf3 Nf6 4. Qb3 dxc4 5. Qxc4 Bg4 6. Nbd2 Nbd7 7. g3 e6 8. Bg2 Be7 9. O-O O-O 10. Qb3 Qb6 11. Nc4 Qa6 12. Bd2 Bf5 13. Bb4 c5 14. dxc5 Nxc5 15. Bxc5 Bxc5 16. Nfe5 Rab8 17. Rfd1 Rfc8 18. Rac1 h5 19. e3 h4 20. a4 hxg3 21. hxg3 b5 22. axb5 Rxb5 23. Qc3 Nd5 24. Qe1 Bb4 25. Qe2 Nf6 26. g4 Be4 27. g5 Rxe5 28. gxf6 Rg5 29. f3 Bd5 30. b3 gxf6 31. e4 Bc5+ 32. Kf1 Ba8 33. f4 Rg6 34. Rd3 Kg7 35. f5 Rg5 36. Rf3 Rh8 37. fxe6 Rh1+ 38. Bxh1 Rg1# 0-1

[Event "EOBCC 2020"]
[Site "Online"]
[Date "2020.12.18"]
[Round "2.49"]
[White "Djordjevic, Vuk"]
[Black "Grigoriants, Sergey"]
[Result "0-1"]
[WhiteElo "2350"]
[BlackElo "2546"]
[PlyCount "124"]
[EventDate "2020.12.18"]
[EventType "tourn"]
[EventCountry "NET"]

1. d4 Nf6 2. Bg5 d5 3. Bxf6 exf6 4. e3 Bd6 5. c4 dxc4 6. Bxc4 O-O 7. Nc3 c6 8. Nf3 Nd7 9. O-O f5 10. Qc2 Nf6 11. Rfe1 Re8 12. a3 Qe7 13. Rac1 Be6 14. Qb3 Bxc4 15. Qxc4 g6 16. h3 Kg7 17. Qb3 Rad8 18. g3 Rd7 19. Kg2 Qd8 20. Red1 a6 21. Qc4 Qb8 22. Ne2 Nd5 23. Rd3 Rde7 24. Qb3 h6 25. Nc3 Nxe3+ 26. Rxe3 Rxe3 27. fxe3 Rxe3 28. Re1 Rxe1 29. Nxe1 Bxg3 30. Nf3 Bd6 31. Qd1 Qe8 32. Qe2 Qe6 33. Qxe6 fxe6 34. Nd1 Kf6 35. Ne3 b5 36. Nc2 c5 37. dxc5 Bxc5 38. Nfd4 e5 39. Nc6 Ke6 40. b4 Bd6 41. Nd8+ Kf6 42. Ne3 e4 43. Nd5+ Ke5 44. Nb6 Bc7 45. Nf7+ Ke6 46. Na8 Bf4 47. Nd8+ Kd7 48. Nb7 Kc6 49. Nc5 Be3 50. Ne6 Bc1 51. Nac7 Bxa3 52. Nxa6 Kb6 53. Nac5 Bxb4 54. Nd7+ Kc6 55. Nb8+ Kd6 56. Nf4 g5 57. Nh5 Bc3 58. Kf2 b4 59. Ke2 b3 60. Kd1 f4 61. Na6 e3 62. Nf6 Bxf6 0-1

[Event "EOBCC 2020"]
[Site "Online"]
[Date "2020.12.18"]
[Round "2.50"]
[White "Okhotnik, Vladimir"]
[Black "Smirnov, Pavel"]
[Result "0-1"]
[WhiteElo "2350"]
[BlackElo "2544"]
[PlyCount "126"]
[EventDate "2020.12.18"]
[EventType "tourn"]
[EventCountry "NET"]

1. e3 e6 2. c4 Nf6 3. d4 d5 4. Nf3 b6 5. cxd5 exd5 6. Bb5+ c6 7. Bd3 Bb7 8. Nc3 Nbd7 9. e4 dxe4 10. Nxe4 Nxe4 11. Bxe4 Nf6 12. Bd3 Bb4+ 13. Bd2 Bxd2+ 14. Qxd2 O-O 15. O-O c5 16. Be2 Rc8 17. Rad1 Qe7 18. dxc5 Qxc5 19. Rc1 Qe7 20. Nd4 Rxc1 21. Rxc1 Rd8 22. Bf1 g6 23. Qf4 Nd5 24. Qg3 Qf6 25. Nb3 Qxb2 26. Rc7 Nxc7 27. Qxc7 Rd1 28. Qxb7 Qe2 29. Qc8+ Kg7 30. Qc3+ Kf8 31. Qc8+ Qe8 32. Qc3 Kg8 33. Nd4 Qe5 34. Qc8+ Kg7 35. Nf3 Qa1 36. Qc4 h6 37. h4 Qc1 38. Qb5 Qa1 39. h5 g5 40. Nxg5 hxg5 41. Qxg5+ Kf8 42. Qh6+ Ke8 43. Qe3+ Kd8 44. Qe2 Kd7 45. h6 Rd6 46. h7 Re6 47. Qd3+ Ke7 48. Qh3 Qh8 49. Bc4 Re1+ 50. Kh2 Kd6 51. Qd3+ Kc5 52. Qd5+ Kb4 53. Qb5+ Kc3 54. Qb3+ Kd2 55. Qd3+ Kc1 56. Qa3+ Kd2 57. Qd3+ Kc1 58. Qa3+ Kb1 59. Qb3+ Ka1 60. Bd3 Rc1 61. a4 a5 62. Qxb6 Qe5+ 63. g3 Qh5+ 0-1